000
00295nam a22001337a 4500
008
170221b xxu||||| |||| 00| 0 eng d
020
_a
9780023710810
041
_a
eng
080
_2
ED
_a
615
100
_a
5
101
_a
SHF
245
_a
DRUGS AND THE HUMAN BODY
_c
K.LISKA
942
_2
udc
_c
BK
999
_c
5908
_d
5908